000
00327 a2200157 4500
001
174940
020
_a
040
_c
Magnum
100
_a
Chiavenato, Julio Jose
240
1
0
_a
A guerra do paraguai
_l
por
245
1
0
_a
A guerra do paraguai
362
0
_a
1899
440
1
_a
Ática
697
_a
PARADIDATICO
942
_c
BK
999
_c
174940
_d
174940